00778nam a2200205 a 4500001000200000003000900002005001700011008004100028020001800069040002500087082002900112100003300141245007000174260005400244300002100298500007000319650006500389651005400454651006400508 DO-SdBNP20211203120359.0090703s2009 dr 000 0 spa d a9789945162882 aDO-SdBNPbspacBPMSU 4a972.9326bS684b 20092221 aSolano Pérez, Juan,d1965-10aBahoruco en el siglo XXI y otros escritos /cJuan Solano Pérez. aSanto Domingo :bLibrería La Trinitaria,c2009. a102 p. ;c23 cm. aIncluye datos biográficos el autor en la solapa de la cubierta  4aDesarrollo de la comunidadzRepública DominicanaxHistoria 4aBahoruco (República Dominicana)xHistoria local 4aBahoruco (República Dominicana)xVida social y costumbres